000 00717cam a2200265Ii 4500
999 _c4708
_d4708
001 35719
003 GBCCL
005 20241126110524.0
008 760210s1971 xx 000 0 eng d
020 _a0875082475
035 _a(OCoLC)01982297
040 _aMNL
_cMNL
_dMSV
049 _aLBBK
_aLBBA
082 _a231.3
_bLAW
092 _a231.3
_bL416
100 1 _aLaw, William.
_98613
245 1 4 _aThe power of the spirit /
_ced. by David Hunt.
260 _aFort Washington, Pa. :
_bChristian Literature,
_cc1971.
300 _a189 p. ;
_c18 cm.
650 0 _aHoly Spirit.
_9225
650 0 _aChristian life.
_9183
650 0 _aChristianity.
_9479
700 1 _aHunt, David,
_eed.
_98614
942 _2ddc
_cBK
_012